LDR 00745naa#a2200181#i#450# 001 RU\\bibl\92090 005 20260702124301.4 011 ## _a3034-4689 100 ## _a20241125b2024####ek#y0rusy0150####ca 102 ## _aRU 200 1# _aМОДЕЛИРОВАНИЕ ТЕЧЕНИЯ В МИКРОФЛЮИДНОМ КАНАЛЕ ТИПА ЁЛОЧКА _eЖурнальная статья 210 1# _aКазань _cКазанский национальный исследовательский технологический университет _d2024 215 ## _a3 с. 608 ## _aЖурнальная статья _2local 700 #1 _aКурбангалеев _gА А 700 #1 _aТазюков _gФ Х 700 #1 _aГерасимов _gА. В. 856 4# _avestniktu.ru _u